| 000 | 00812cam a2200289 4500 | ||
|---|---|---|---|
| 008 | 090401t1997 xxu||||| |||| 00| 0 eng d | ||
| 020 | _a1860811663 | ||
| 035 | _a(Sirsi) u80989 | ||
| 041 | _aeng | ||
| 050 | _a628.45 | ||
| 100 | _aGriggs, J. C. | ||
| 245 | _aWater conservation : a guide for design of low-flush WCs. | ||
| 260 |
_aLondon _bConstruction Research Communications Ltd _c1997 |
||
| 300 | _a5p. : ill. ; 30cm. | ||
| 350 | _a0 | ||
| 490 |
_aBRE Information Paper _vIP8/97 Part 1 |
||
| 650 | _aLOW FLUSH TOILETS | ||
| 650 | _aSANITARY PIPEWORK | ||
| 650 | _aTOILETS | ||
| 690 | _aBUILT ENVIRONMENT-CONSTRUCTION DESIGN | ||
| 700 | _aPitts, N.J. | ||
| 700 | _aHall, J. | ||
| 700 | _aShouler, M.C. | ||
| 710 | _aBuilding Research Establishment | ||
| 942 | _n0 | ||
| 948 | _c22/09/1997 | ||
| 999 |
_c96661 _d96661 |
||